000 00267nam a2200109Ia 4500
008 200302s9999 xx 000 0 und d
100 _aRaymond Lister
245 _aBritish Romantic Painting
260 _bCambridge Unifersity Press
260 _c1989
300 _a176 P.,
999 _c1440
_d1440